Instalaciones eléctricas para la vivienda
Furkejuvvon:
| Váldodahkki: | |
|---|---|
| Materiálatiipa: | Girji |
| Giella: | espánnjágiella |
| Almmustuhtton: |
Madrid
Thomson
2005
Madrid Paraninfo 2005 |
| Preanttus: | 8a. ed |
| Fáttát: | |
| Fáddágilkorat: |
Lasit fáddágilkoriid
Eai fáddágilkorat, Lasit vuosttaš fáddágilkora!
|
MARC
| LEADER | 00000nam a2200000 a 4500 | ||
|---|---|---|---|
| 001 | UCG0517 | ||
| 003 | CL-VaPUC | ||
| 008 | 100325e20050000SP |||||||||||||||||spa|d | ||
| 020 | |a 8428328927 | ||
| 082 | 0 | 4 | |a 621.319 |b ROL |2 21 |
| 100 | 0 | |a Roldán Viloria, José |e author |9 547983 | |
| 245 | 1 | 0 | |a Instalaciones eléctricas para la vivienda |
| 250 | |a 8a. ed | ||
| 300 | |a 226 p | ||
| 942 | |c BK | ||
| 945 | |d 20100325 00:00:00 |a dcastane | ||
| 260 | |a Madrid |b Thomson |c 2005 | ||
| 260 | |a Madrid |b Paraninfo |c 2005 | ||
| 650 | 7 | |a INSTALACIONES ELECTRICAS INTERNAS |2 CL-VaPUC |9 547984 | |
| 650 | 7 | |a SIMBOLOS ELECTRICOS |2 CL-VaPUC |9 547985 | |
| 650 | 7 | |a SIMBOLOGIA ELECTRICA |2 CL-VaPUC |9 547986 | |
| 583 | |a last modification |c 20130307 10:18:21 |k Rodrigo Vera | ||
| 999 | |c 340139 |d 340137 | ||